Poppy Playtime Characters - Statistiques

Statistiques générales
  • Ce quiz a été pris 123 fois
  • Le résultat moyen est 19 sur 65
Statistiques - réponses
Family Chapter Réponse % Correct
Huggy Family/Experiment Family Chapter 1 Huggy Wuggy
96%
Long Legs Family/Experiment Family Chapter 2 Mommy Long Legs
86%
Toys Family/Experiment Family/Safe Haven Family Chapter 1 Poppy
84%
Smiling Critters Family/Experiment Family Chapter 3 Catnap
81%
Huggy Family/Experiment Family/Safe Haven Family Chapter 2 Kissy Missy
78%
Experiment Family Chapter 2 The Prototype
77%
Smiling Critters Family/Experiment Family Chapter 3 Dogday
67%
Experiment Family/Safe Haven Family Chapter 4 Doey
66%
Long Legs Family Chapter 2 Daddy Long Legs
65%
Long Legs Family Chapter 2 Baby Long Legs
58%
Experiment Family Chapter 4 The Doctor
51%
Minigames Family/Experiment Family Chapter 2 Bunzo Bunny
47%
Experiment Family Project : Playtime Boxy Boo
46%
Toys Family Chapter 1 Cat-Bee
46%
Experiment Family Chapter 4 Yarnaby
43%
Experiment Family Chapter 3 Miss Delight
42%
Minigames Family/Experiment Family Chapter 2 PJ Pug-a-Pillar
42%
Toys Family Chapter 1 Candy Cat
41%
Smiling Critters Family/Experiment Family Chapter 3 BubbaBubbaphant
37%
Smiling Critters Family/Experiment Family Chapter 3 CraftyCorn
37%
Toys Family Chapter 1 Bron
34%
Smiling Critters Family/Experiment Family Chapter 3 BobbyBearhug
33%
Smiling Critters Family/Experiment Family Chapter 3 HoppyHopscotch
32%
Experiment Family Chapter 4 Pianosaurus
32%
Smiling Critters Family/Experiment Family Chapter 3 KickinChicken
28%
Chapter 3 Ollie
28%
Nightmare Critters Family/Experiment Family Chapter 4 BabaChops
27%
Toys Family/Safe Haven Family Chapter 1 Boogie Bot
25%
Smiling Critters Family/Experiment Family Chapter 3 PickyPiggy
23%
Nightmare Critters Family/Experiment Family Chapter 4 Poe
22%
Nightmare Critters Family/Experiment Family Chapter 4 Touille
22%
Nightmare Critters Family/Experiment Family Chapter 4 AllisterGator
20%
Nightmare Critters Family/Experiment Family Chapter 4 SimonSmoke
20%
Nightmare Critters Family/Experiment Family Chapter 4 IckyLicky
19%
Nightmare Critters Family/Experiment Family Chapter 4 MaggieMako
18%
Rejected Family/Experiment Family Chapter 2 Daisy
16%
Experiment Family/Safe Haven Family Chapter 4 Medic
16%
Rejected Family Chapter 2 Kick-Me-Paul
14%
Nightmare Critters Family/Experiment Family Chapter 4 RabieBaby
14%
Rejected Family Chapter 2 Sir Poops-a-lot
14%
Experiment Family/Safe Haven Family Chapter 4 Scout
13%
Rejected Family Chapter 1 Limon
11%
Rejected Family Chapter 2 Owen the Oven
11%
Rejected Family Chapter 2 Pet Stone
11%
Experiment Family Project : Playtime Blue Wuggy
10%
Experiment Family Project : Playtime Red Wuggy
10%
Rejected Family Chapter 2 Surprise Hare
10%
Experiment Family Project : Playtime Yellow Wuggy
10%
Minigames Family/Huggy Family/Experiment Family Chapter 2 Blue Mini Huggy
9%
Minigames Family/Huggy Family/Experiment Family Chapter 2 Green Mini Huggy
9%
Experiment Family Project : Playtime Green Wuggy
9%
Experiment Family Project : Playtime Orange Wuggy
9%
Experiment Family Project : Playtime Pink Wuggy
9%
Experiment Family Project : Playtime Purple Wuggy
9%
Minigames Family/Huggy Family/Experiment Family Chapter 2 Red Mini Huggy
9%
Rejected Family Chapter 2 Sunni Buddi
9%
Minigames Family/Huggy Family/Experiment Family Chapter 2 Yellow Mini Huggy
9%
Huggy Family/Rejected Family Chapter 2 Barrel o' Huggys
8%
Toys Family Chapter 2 Barry
8%
Experiment Family Chapter 4 Riley
8%
Rejected Family/Experiment Family Chapter 2 Cassie Cutie Pillar
6%
Safe Haven Family Chapter 4 Mini Boxy Boo
6%
Experiment Family/Safe Haven Family Chapter 4 Mini Kissy
6%
Experiment Family/Safe Haven Family Chapter 4 Mini Mommy
5%
Project : Playtime Shoppy
5%
Aucun quiz correspondant
Distribution des résultats
% des personnes avec chaque résultat
Percentile par nombre de réponses
Votre historique - résultats
Vous n’avez pas pris ce quiz